[Event "XLIV Memoriał Szachowy Ludwika Zamenhofa 2025, Grupa B"]
[Site "Bialystok, Poland"]
[Date "2025.12.27"]
[Round "1.10"]
[White "Wons, Krystian"]
[Black "Budzisz, Adrian"]
[Result "0-1"]
[TimeControl "90'+30\""]
[WhiteElo "1807"]
[BlackElo "2065"]

1. d4 {[%clk 01:30:57]} {[%emt 00:00:02]} f5 {[%clk 01:30:49]} {[%emt
00:00:12]} 2. c4 {[%clk 01:31:15]} {[%emt 00:00:11]} Nf6 {[%clk 01:31:14]}
{[%emt 00:00:06]} 3. Nc3 {[%clk 01:31:32]} {[%emt 00:00:13]} e6 {[%clk
01:31:39]} {[%emt 00:00:05]} 4. g3 {[%clk 01:30:24]} {[%emt 00:01:37]} Be7
{[%clk 01:32:00]} {[%emt 00:00:09]} 5. Bg2 {[%clk 01:30:45]} {[%emt 00:00:09]}
O-O {[%clk 01:32:18]} {[%emt 00:00:12]} 6. Nf3 {[%clk 01:28:00]} {[%emt
00:03:16]} Ne4 {[%clk 01:31:14]} {[%emt 00:01:34]} 7. O-O {[%clk 01:27:30]}
{[%emt 00:01:00]} Nxc3 {[%clk 01:30:09]} {[%emt 00:01:34]} 8. bxc3 {[%clk
01:27:55]} {[%emt 00:00:05]} d6 {[%clk 01:30:26]} {[%emt 00:00:13]} 9. Rb1
{[%clk 01:27:13]} {[%emt 00:01:13]} Qe8 {[%clk 01:29:42]} {[%emt 00:01:13]} 10.
Ng5 {[%clk 01:16:03]} {[%emt 00:11:40]} h6 {[%clk 01:27:49]} {[%emt 00:02:23]}
11. Nxe6 {[%clk 01:12:19]} {[%emt 00:04:15]} Bxe6 {[%clk 01:27:59]} {[%emt
00:00:20]} 12. Bxb7 {[%clk 01:12:26]} {[%emt 00:00:23]} Nd7 {[%clk 01:28:23]}
{[%emt 00:00:05]} 13. Bxa8 {[%clk 01:10:49]} {[%emt 00:02:07]} Qxa8 {[%clk
01:28:48]} {[%emt 00:00:05]} 14. d5 {[%clk 01:09:32]} {[%emt 00:01:47]} Bf7
{[%clk 01:29:16]} {[%emt 00:00:03]} 15. Be3 {[%clk 01:06:20]} {[%emt 00:03:41]}
Nb6 {[%clk 01:24:38]} {[%emt 00:05:09]} 16. Qb3 {[%clk 00:59:29]} {[%emt
00:07:20]} Qc8 {[%clk 01:23:15]} {[%emt 00:01:53]} 17. a4 {[%clk 00:55:10]}
{[%emt 00:04:49]} Qa6 {[%clk 01:22:56]} {[%emt 00:00:50]} 18. Bxb6 {[%clk
00:54:05]} {[%emt 00:01:35]} axb6 {[%clk 01:18:08]} {[%emt 00:05:18]} 19. Qb5
{[%clk 00:52:38]} {[%emt 00:01:56]} Ra8 {[%clk 01:16:56]} {[%emt 00:01:42]} 20.
Qd7 {[%clk 00:42:23]} {[%emt 00:10:44]} Bd8 {[%clk 01:14:58]} {[%emt 00:02:28]}
21. Rb4 {[%clk 00:41:10]} {[%emt 00:01:44]} Qc8 {[%clk 01:14:18]} {[%emt
00:01:11]} 22. Qxc8 {[%clk 00:41:17]} {[%emt 00:00:23]} Rxc8 {[%clk 01:14:35]}
{[%emt 00:00:13]} 23. f3 {[%clk 00:37:48]} {[%emt 00:03:58]} Kh7 {[%clk
01:08:45]} {[%emt 00:06:20]} 24. Kf2 {[%clk 00:32:45]} {[%emt 00:05:33]} Bf6
{[%clk 00:56:46]} {[%emt 00:12:29]} 25. Rc1 {[%clk 00:29:26]} {[%emt 00:03:49]}
Be8 {[%clk 00:54:31]} {[%emt 00:02:46]} 26. Ke3 {[%clk 00:22:48]} {[%emt
00:07:07]} Ra8 {[%clk 00:51:37]} {[%emt 00:03:24]} 27. Kd2 {[%clk 00:22:50]}
{[%emt 00:00:25]} Kg6 {[%clk 00:48:33]} {[%emt 00:03:38]} 28. Ra1 {[%clk
00:19:56]} {[%emt 00:03:23]} Kg5 {[%clk 00:44:53]} {[%emt 00:04:09]} 29. Rb3
{[%clk 00:17:19]} {[%emt 00:03:08]} Ra5 {[%clk 00:41:00]} {[%emt 00:04:23]} 30.
Rba3 {[%clk 00:15:15]} {[%emt 00:02:34]} f4 {[%clk 00:39:28]} {[%emt 00:02:02]}
31. Rg1 {[%clk 00:07:08]} {[%emt 00:08:36]} Rc5 {[%clk 00:36:36]} {[%emt
00:03:23]} 32. gxf4+ {[%clk 00:06:47]} {[%emt 00:00:51]} Kxf4 {[%clk 00:35:01]}
{[%emt 00:02:05]} 33. Rg4+ {[%clk 00:06:43]} {[%emt 00:00:34]} Kf5 {[%clk
00:35:28]} {[%emt 00:00:03]} 34. e4+ {[%clk 00:06:34]} {[%emt 00:00:38]} Ke5
{[%clk 00:35:50]} {[%emt 00:00:09]} 35. Kd3 {[%clk 00:06:08]} {[%emt 00:00:56]}
g5 {[%clk 00:36:10]} {[%emt 00:00:10]} 36. Ra2 {[%clk 00:04:16]} {[%emt
00:02:21]} Bh5 {[%clk 00:31:07]} {[%emt 00:05:34]} 37. Rg3 {[%clk 00:04:27]}
{[%emt 00:00:19]} Kf4 {[%clk 00:31:01]} {[%emt 00:00:36]} 38. Rf2 {[%clk
00:02:14]} {[%emt 00:02:42]} Bg7 {[%clk 00:31:20]} {[%emt 00:00:10]} 39. Rh3
{[%clk 00:01:55]} {[%emt 00:00:52]} Bg6 {[%clk 00:31:40]} {[%emt 00:00:09]} 40.
Rg2 {[%clk 00:01:11]} {[%emt 00:01:15]} h5 {[%clk 00:31:35]} {[%emt 00:00:34]}
41. Rhg3 {[%clk 00:01:18]} {[%emt 00:00:23]} Bf6 {[%clk 00:30:53]} {[%emt
00:01:12]} 42. h4 {[%clk 00:01:37]} {[%emt 00:00:11]} g4 {[%clk 00:31:09]}
{[%emt 00:00:14]} 43. Ke2 {[%clk 00:00:44]} {[%emt 00:01:23]} Rxc4 {[%clk
00:30:28]} {[%emt 00:01:12]} 44. fxg4 {[%clk 00:00:59]} {[%emt 00:00:15]} Rxe4+
{[%clk 00:30:53]} {[%emt 00:00:04]} 45. Kd2 {[%clk 00:00:51]} {[%emt 00:00:38]}
Bxh4 {[%clk 00:31:12]} {[%emt 00:00:11]} 46. Rh3 {[%clk 00:00:47]} {[%emt
00:00:33]} Be1+ {[%clk 00:31:37]} {[%emt 00:00:06]} 47. Kd1 {[%clk 00:00:51]}
{[%emt 00:00:26]} hxg4 {[%clk 00:32:01]} {[%emt 00:00:07]} 48. Rh1 {[%clk
00:00:37]} {[%emt 00:00:43]} Kf3 {[%clk 00:31:56]} {[%emt 00:00:35]} 49. Rc2
{[%clk 00:00:35]} {[%emt 00:00:32]} Bf2 {[%clk 00:32:13]} {[%emt 00:00:12]} 50.
Kc1 {[%clk 00:00:32]} {[%emt 00:00:34]} Rxa4 {[%clk 00:32:30]} {[%emt
00:00:13]} 51. Rb2 {[%clk 00:00:38]} {[%emt 00:00:25]} Ra1+ {[%clk 00:32:48]}
{[%emt 00:00:12]} 52. Kd2 {[%clk 00:00:54]} {[%emt 00:00:14]} Be3# {[%clk
00:33:17]} 0-1

[Event "XLIV Memoriał Szachowy Ludwika Zamenhofa 2025, Grupa B"]
[Site "Bialystok, Poland"]
[Date "2025.12.27"]
[Round "1.12"]
[White "Krzyzosiak, Marta"]
[Black "Szlod, Wiktor"]
[Result "0-1"]
[TimeControl "90'+30\""]
[WhiteElo "1793"]
[BlackElo "2059"]

1. d4 {[%clk 01:30:57]} {[%emt 00:00:03]} Nf6 {[%clk 01:30:52]} {[%emt
00:00:08]} 2. Nc3 {[%clk 01:31:19]} {[%emt 00:00:08]} d5 {[%clk 01:31:16]}
{[%emt 00:00:05]} 3. Bf4 {[%clk 01:31:41]} {[%emt 00:00:08]} e6 {[%clk
01:31:26]} {[%emt 00:00:20]} 4. e3 {[%clk 01:32:00]} {[%emt 00:00:12]} Bd7
{[%clk 01:31:30]} {[%emt 00:00:26]} 5. Nb5 {[%clk 01:31:59]} {[%emt 00:00:31]}
Bxb5 {[%clk 01:31:52]} {[%emt 00:00:09]} 6. Bxb5+ {[%clk 01:32:22]} {[%emt
00:00:06]} c6 {[%clk 01:32:19]} {[%emt 00:00:03]} 7. Bd3 {[%clk 01:32:36]}
{[%emt 00:00:15]} Nbd7 {[%clk 01:31:54]} {[%emt 00:00:55]} 8. Nf3 {[%clk
01:30:41]} {[%emt 00:02:26]} c5 {[%clk 01:30:48]} {[%emt 00:01:35]} 9. c3
{[%clk 01:26:35]} {[%emt 00:04:36]} c4 {[%clk 01:31:10]} {[%emt 00:00:09]} 10.
Bc2 {[%clk 01:26:44]} {[%emt 00:00:21]} b5 {[%clk 01:31:10]} {[%emt 00:00:29]}
11. O-O {[%clk 01:23:18]} {[%emt 00:03:57]} Be7 {[%clk 01:30:12]} {[%emt
00:01:28]} 12. Ne5 {[%clk 01:17:02]} {[%emt 00:06:46]} Qb6 {[%clk 01:27:34]}
{[%emt 00:03:08]} 13. a4 {[%clk 01:00:24]} {[%emt 00:17:08]} Nxe5 {[%clk
01:22:48]} {[%emt 00:05:16]} 14. dxe5 {[%clk 00:56:20]} {[%emt 00:04:35]} Nd7
{[%clk 01:23:07]} {[%emt 00:00:09]} 15. axb5 {[%clk 00:55:05]} {[%emt
00:01:47]} O-O {[%clk 01:10:36]} {[%emt 00:13:00]} 16. Qg4 {[%clk 00:44:13]}
{[%emt 00:11:22]} Rfd8 {[%clk 01:09:12]} {[%emt 00:01:54]} 17. Qh3 {[%clk
00:18:41]} {[%emt 00:26:02]} g6 {[%clk 01:08:45]} {[%emt 00:00:57]} 18. Ra6
{[%clk 00:18:07]} {[%emt 00:01:04]} Qxb5 {[%clk 01:04:14]} {[%emt 00:05:02]} 19.
Rxe6 {[%clk 00:13:12]} {[%emt 00:05:25]} Bf8 {[%clk 01:03:49]} {[%emt
00:00:54]} 20. Rd6 {[%clk 00:04:22]} {[%emt 00:09:19]} Bxd6 {[%clk 01:03:35]}
{[%emt 00:00:45]} 21. exd6 {[%clk 00:04:48]} {[%emt 00:00:05]} Qxb2 {[%clk
01:03:45]} {[%emt 00:00:20]} 22. Ba4 {[%clk 00:05:11]} {[%emt 00:00:06]} Qb7
{[%clk 01:01:52]} {[%emt 00:02:22]} 23. Bg5 {[%clk 00:04:35]} {[%emt 00:01:06]}
Nc5 {[%clk 01:00:50]} {[%emt 00:01:33]} 24. Bxd8 {[%clk 00:03:49]} {[%emt
00:01:16]} Rxd8 {[%clk 01:01:15]} {[%emt 00:00:04]} 25. Bd1 {[%clk 00:03:58]}
{[%emt 00:00:21]} Ne4 {[%clk 01:00:26]} {[%emt 00:01:19]} 26. Qf3 {[%clk
00:04:14]} {[%emt 00:00:14]} Rxd6 {[%clk 01:00:30]} {[%emt 00:00:26]} 27. Qf4
{[%clk 00:04:26]} {[%emt 00:00:16]} Qe7 {[%clk 00:59:48]} {[%emt 00:01:15]} 28.
Bf3 {[%clk 00:03:52]} {[%emt 00:01:03]} Nxc3 {[%clk 01:00:06]} {[%emt
00:00:12]} 29. Ra1 {[%clk 00:02:44]} {[%emt 00:01:39]} Nb5 {[%clk 00:57:46]}
{[%emt 00:02:50]} 30. h3 {[%clk 00:02:45]} {[%emt 00:00:29]} a6 {[%clk
00:57:21]} {[%emt 00:00:55]} 31. Rd1 {[%clk 00:01:25]} {[%emt 00:01:49]} Nc7
{[%clk 00:56:34]} {[%emt 00:01:18]} 32. Qd4 {[%clk 00:01:28]} {[%emt 00:00:27]}
Nb5 {[%clk 00:52:51]} {[%emt 00:04:13]} 33. Qc5 {[%clk 00:01:37]} {[%emt
00:00:20]} Nc3 {[%clk 00:51:07]} {[%emt 00:02:15]} 34. Ra1 {[%clk 00:01:38]}
{[%emt 00:00:28]} Qd7 {[%clk 00:50:46]} {[%emt 00:00:51]} 35. Bg4 {[%clk
00:01:30]} {[%emt 00:00:39]} Qc6 {[%clk 00:48:58]} {[%emt 00:02:17]} 36. Qb4
{[%clk 00:01:21]} {[%emt 00:00:39]} Ne4 {[%clk 00:48:31]} {[%emt 00:00:58]} 37.
Bf3 {[%clk 00:01:17]} {[%emt 00:00:34]} Nc5 {[%clk 00:48:40]} {[%emt 00:00:19]}
38. Rd1 {[%clk 00:01:11]} {[%emt 00:00:38]} Nd3 {[%clk 00:48:39]} {[%emt
00:00:31]} 39. Qc3 {[%clk 00:01:13]} {[%emt 00:00:28]} Qb5 {[%clk 00:48:05]}
{[%emt 00:01:05]} 40. Be2 {[%clk 00:01:16]} {[%emt 00:00:26]} Nb2 {[%clk
00:47:05]} {[%emt 00:01:30]} 41. Rb1 {[%clk 00:01:00]} {[%emt 00:00:46]} Rb6
{[%clk 00:47:21]} {[%emt 00:00:14]} 42. Qc2 {[%clk 00:00:57]} {[%emt 00:00:33]}
a5 {[%clk 00:47:17]} {[%emt 00:00:34]} 43. Bf3 {[%clk 00:01:19]} {[%emt
00:00:08]} a4 {[%clk 00:45:54]} {[%emt 00:01:53]} 44. Bxd5 {[%clk 00:01:26]}
{[%emt 00:00:23]} a3 {[%clk 00:46:18]} {[%emt 00:00:06]} 45. Be4 {[%clk
00:01:03]} {[%emt 00:00:53]} Qb4 {[%clk 00:44:55]} {[%emt 00:01:53]} 46. Bd5
{[%clk 00:00:52]} {[%emt 00:00:41]} Qb3 {[%clk 00:43:49]} {[%emt 00:01:35]} 47.
Qe4 {[%clk 00:01:05]} {[%emt 00:00:17]} Rf6 {[%clk 00:39:30]} {[%emt 00:04:50]}
48. Qd4 {[%clk 00:00:49]} {[%emt 00:00:45]} Kg7 {[%clk 00:38:50]} {[%emt
00:01:10]} 49. Be4 {[%clk 00:00:44]} {[%emt 00:00:36]} c3 {[%clk 00:37:33]}
{[%emt 00:01:47]} 50. Rc1 {[%clk 00:00:47]} {[%emt 00:00:28]} a2 {[%clk
00:35:08]} {[%emt 00:02:55]} 51. Bc2 {[%clk 00:00:58]} {[%emt 00:00:19]} Qxc2
{[%clk 00:35:21]} {[%emt 00:00:17]} 52. Rxc2 {[%clk 00:01:17]} {[%emt
00:00:10]} a1=Q+ {[%clk 00:35:46]} {[%emt 00:00:05]} 53. Kh2 {[%clk 00:01:39]}
{[%emt 00:00:07]} Qa4 {[%clk 00:31:46]} {[%emt 00:04:31]} 54. Qxc3 {[%clk
00:01:43]} {[%emt 00:00:25]} Nd1 {[%clk 00:32:09]} {[%emt 00:00:07]} 55. Qc5
{[%clk 00:01:00]} {[%emt 00:01:12]} Nxf2 {[%clk 00:32:10]} {[%emt 00:00:31]} 56.
Rb2 {[%clk 00:01:06]} {[%emt 00:00:24]} Qa1 {[%clk 00:31:52]} {[%emt 00:00:47]}
57. Qd4 {[%clk 00:00:52]} {[%emt 00:00:45]} Nd1 {[%clk 00:31:15]} {[%emt
00:01:07]} 58. Rd2 {[%clk 00:00:56]} {[%emt 00:00:25]} Qxd4 {[%clk 00:31:40]}
{[%emt 00:00:06]} 59. exd4 {[%clk 00:01:14]} {[%emt 00:00:13]} Ne3 {[%clk
00:32:08]} {[%emt 00:00:02]} 60. d5 {[%clk 00:01:29]} {[%emt 00:00:14]} Nf1+
{[%clk 00:32:32]} {[%emt 00:00:06]} 0-1

[Event "XLIV Memoriał Szachowy Ludwika Zamenhofa 2025, Grupa B"]
[Site "Bialystok, Poland"]
[Date "2025.12.27"]
[Round "1.13"]
[White "Reshetniak, Vitaliy"]
[Black "Surkont, Jan"]
[Result "1-0"]
[TimeControl "90'+30\""]
[WhiteElo "2048"]
[BlackElo "1787"]

1. d4 {[%clk 01:30:57]} {[%emt 00:00:03]} Nf6 {[%clk 01:30:46]} {[%emt
00:00:15]} 2. c4 {[%clk 01:31:18]} {[%emt 00:00:09]} g6 {[%clk 01:31:09]}
{[%emt 00:00:07]} 3. Nc3 {[%clk 01:31:36]} {[%emt 00:00:11]} Bg7 {[%clk
01:31:35]} {[%emt 00:00:05]} 4. e4 {[%clk 01:31:51]} {[%emt 00:00:15]} d6
{[%clk 01:31:59]} {[%emt 00:00:05]} 5. h3 {[%clk 01:31:51]} {[%emt 00:00:31]}
O-O {[%clk 01:32:13]} {[%emt 00:00:16]} 6. Bg5 {[%clk 01:31:41]} {[%emt
00:00:40]} h6 {[%clk 01:20:17]} {[%emt 00:12:26]} 7. Be3 {[%clk 01:31:52]}
{[%emt 00:00:19]} e5 {[%clk 01:18:17]} {[%emt 00:02:29]} 8. d5 {[%clk
01:31:16]} {[%emt 00:01:06]} Nbd7 {[%clk 01:17:18]} {[%emt 00:01:30]} 9. Nf3
{[%clk 01:30:18]} {[%emt 00:01:28]} Nc5 {[%clk 01:13:33]} {[%emt 00:04:15]} 10.
Nd2 {[%clk 01:30:32]} {[%emt 00:00:17]} a5 {[%clk 01:13:50]} {[%emt 00:00:12]}
11. Be2 {[%clk 01:30:46]} {[%emt 00:00:16]} Ne8 {[%clk 01:10:49]} {[%emt
00:03:31]} 12. h4 {[%clk 01:23:52]} {[%emt 00:07:23]} f5 {[%clk 01:02:34]}
{[%emt 00:08:46]} 13. h5 {[%clk 01:22:20]} {[%emt 00:02:02]} g5 {[%clk
01:00:38]} {[%emt 00:02:26]} 14. exf5 {[%clk 01:22:05]} {[%emt 00:00:45]} Bxf5
{[%clk 01:00:47]} {[%emt 00:00:21]} 15. Bxc5 {[%clk 01:22:24]} {[%emt
00:00:11]} dxc5 {[%clk 01:01:13]} {[%emt 00:00:05]} 16. Nde4 {[%clk 01:22:47]}
{[%emt 00:00:07]} b6 {[%clk 00:58:53]} {[%emt 00:02:49]} 17. Bd3 {[%clk
01:19:48]} {[%emt 00:03:29]} Nd6 {[%clk 00:54:55]} {[%emt 00:04:28]} 18. Nxd6
{[%clk 01:06:04]} {[%emt 00:14:14]} cxd6 {[%clk 00:48:40]} {[%emt 00:06:45]} 19.
Bxf5 {[%clk 01:04:26]} {[%emt 00:02:08]} Rxf5 {[%clk 00:48:53]} {[%emt
00:00:17]} 20. Ne4 {[%clk 01:04:45]} {[%emt 00:00:11]} Rf4 {[%clk 00:42:32]}
{[%emt 00:06:50]} 21. Qe2 {[%clk 01:03:53]} {[%emt 00:01:23]} Qd7 {[%clk
00:39:48]} {[%emt 00:03:14]} 22. g3 {[%clk 00:56:07]} {[%emt 00:08:17]} Rf7
{[%clk 00:38:59]} {[%emt 00:01:18]} 23. a4 {[%clk 00:43:54]} {[%emt 00:12:43]}
Re8 {[%clk 00:35:38]} {[%emt 00:03:51]} 24. Ra3 {[%clk 00:40:58]} {[%emt
00:03:27]} Bf6 {[%clk 00:28:18]} {[%emt 00:07:50]} 25. Kf1 {[%clk 00:26:29]}
{[%emt 00:14:58]} Bd8 {[%clk 00:25:56]} {[%emt 00:02:51]} 26. Kg2 {[%clk
00:26:49]} {[%emt 00:00:10]} Ref8 {[%clk 00:25:29]} {[%emt 00:00:57]} 27. f3
{[%clk 00:18:27]} {[%emt 00:08:53]} Rf5 {[%clk 00:20:11]} {[%emt 00:05:47]} 28.
Rc1 {[%clk 00:16:02]} {[%emt 00:02:56]} Bc7 {[%clk 00:19:31]} {[%emt 00:01:10]}
29. Rcc3 {[%clk 00:13:41]} {[%emt 00:02:50]} Bd8 {[%clk 00:15:06]} {[%emt
00:04:56]} 30. Qd1 {[%clk 00:12:05]} {[%emt 00:02:06]} Bc7 {[%clk 00:15:06]}
{[%emt 00:00:30]} 31. Qh1 {[%clk 00:12:14]} {[%emt 00:00:21]} R5f7 {[%clk
00:14:32]} {[%emt 00:01:04]} 32. Qh3 {[%clk 00:12:18]} {[%emt 00:00:26]} Qxh3+
{[%clk 00:14:40]} {[%emt 00:00:22]} 33. Kxh3 {[%clk 00:12:42]} {[%emt
00:00:06]} Kg7 {[%clk 00:12:02]} {[%emt 00:03:07]} 34. Kg4 {[%clk 00:12:26]}
{[%emt 00:00:47]} Rf5 {[%clk 00:09:59]} {[%emt 00:02:34]} 35. Ra1 {[%clk
00:10:45]} {[%emt 00:02:10]} R8f7 {[%clk 00:09:53]} {[%emt 00:00:34]} 36. Rf1
{[%clk 00:10:18]} {[%emt 00:00:58]} Rf8 {[%clk 00:05:48]} {[%emt 00:04:36]} 37.
Rc2 {[%clk 00:10:29]} {[%emt 00:00:19]} R5f7 {[%clk 00:06:14]} {[%emt
00:00:04]} 38. Rcf2 {[%clk 00:10:44]} {[%emt 00:00:15]} Re8 {[%clk 00:06:18]}
{[%emt 00:00:25]} 39. Re1 {[%clk 00:10:21]} {[%emt 00:00:53]} Ref8 {[%clk
00:05:10]} {[%emt 00:01:39]} 40. Nc3 {[%clk 00:08:06]} {[%emt 00:02:46]} Bd8
{[%clk 00:05:10]} {[%emt 00:00:30]} 41. Nb5 {[%clk 00:08:23]} {[%emt 00:00:13]}
Be7 {[%clk 00:04:14]} {[%emt 00:01:25]} 42. Nc7 {[%clk 00:08:21]} {[%emt
00:00:31]} Kh7 {[%clk 00:02:12]} {[%emt 00:02:33]} 43. Ne6 {[%clk 00:08:35]}
{[%emt 00:00:15]} Rg8 {[%clk 00:02:23]} {[%emt 00:00:20]} 44. Re3 {[%clk
00:08:33]} {[%emt 00:00:32]} Bf6 {[%clk 00:00:59]} {[%emt 00:01:55]} 45. Rb3
{[%clk 00:08:19]} {[%emt 00:00:44]} Rb8 {[%clk 00:00:36]} {[%emt 00:00:52]} 46.
f4 {[%clk 00:07:12]} {[%emt 00:01:37]} gxf4 {[%clk 00:00:38]} {[%emt 00:00:28]}
47. gxf4 {[%clk 00:07:31]} {[%emt 00:00:10]} Rg8+ {[%clk 00:00:32]} {[%emt
00:00:37]} 48. Kh3 {[%clk 00:07:30]} {[%emt 00:00:31]} Bd8 {[%clk 00:00:33]}
{[%emt 00:00:29]} 49. Rg3 {[%clk 00:05:48]} {[%emt 00:02:13]} Rxg3+ {[%clk
00:00:32]} {[%emt 00:00:31]} 50. Kxg3 {[%clk 00:06:13]} {[%emt 00:00:04]} Be7
{[%clk 00:00:34]} {[%emt 00:00:29]} 51. fxe5 {[%clk 00:05:50]} {[%emt
00:00:52]} Bh4+ {[%clk 00:00:49]} {[%emt 00:00:15]} 52. Kxh4 {[%clk 00:06:14]}
{[%emt 00:00:06]} Rxf2 {[%clk 00:01:12]} {[%emt 00:00:07]} 53. exd6 {[%clk
00:06:39]} {[%emt 00:00:06]} Rf7 {[%clk 00:01:05]} {[%emt 00:00:36]} 54. d7
{[%clk 00:07:01]} {[%emt 00:00:08]} 1-0